000 01292nam a2200337 c 4500
001 173992
003 BLK
005 20240613155214.0
008 180411b bul|||||r ||||||| ||bul||
010 _aKNG00182437000
040 _aBLK
041 _aBUL
_cBUL
080 _aБългарска литература
_b821.163.2
_x-4
_z821.163.2-4
100 1 _aТихолов, Петко Тихолов
_eпърви автор
_9315894
139 _aТихолов, Петко Тихолов
_bТ 60
245 1 0 _aС пушка и въдица
_bРазговори с култ. дейци-ловци и въдичари
_cПетко Тихолов Тихолов.
257 _aBGR
260 _bЗемиздат
_c1967
300 _a264 с.
_bс ил.
_c21 см
380 _aX
500 _a14 700 тир.
520 _aВелико удоволствие с. 131-135. Петър Кючуков, роден на 26 май 1897 в София. Директор режисьор на Русенския народен театър
852 _aЦб 41153
856 4 _qpdf
856 4 _qpdf
942 _cKNG
_n0
944 _aCR
_c23.09.2015
_k30552
_lВиолета Тройчева
944 _aED
_c21.09.2017
_kВася_Ганчева
999 _c173992
_d173992
999 _d173992
999 _d173992